000 00698nam a2200169 i 4500
001 74318
003 ES-MaACL
005 20230906172103.0
007 t|
008 040917s1901 sp ||||1| spa d
100 1 _aGonzález Prieto, Francisco.
_958885
245 1 3 _aEl romancero español
_b: poema regenerador con introducción y epílogos simbólicos y precedidos de un prólogo sociológico del autor /
_cUrania, Presidente Fundador del Parnasillo [Francisco González Prieto].
260 _aGijón :
_b[s.n.],
_c1901 (
_fTip. La Industria)
300 _a198 p. ;
_c21 cm.
594 _aAutor tomado de la dedicatoria manuscrita.
852 _aES-MaACL
_jT-1015-F-6
_z.- Dedicatoria ms. del autor
999 _c74318
_d74318